000 00270nam a2200121 a 4500
008 100917s1967|||| d
245 1 0 _aDisneyland
100 1 _aDygat, Stanislaw
260 _bSmena
_aBratislava
_c1967
020 _c15
044 _axo
_cSK
041 _aslo
999 _c10479
_d10479